<?xml version="1.0" encoding="UTF-8"?>
<collection xmlns="http://www.loc.gov/MARC21/slim">
    <record>
        <controlfield tag="001">65067</controlfield>
        <controlfield tag="005">20180207125404.0</controlfield>
        <datafield tag="037" ind1=" " ind2=" ">
            <subfield code="a">TAZ-TFG-2017-2859</subfield>
        </datafield>
        <datafield tag="041" ind1=" " ind2=" ">
            <subfield code="a">spa</subfield>
        </datafield>
        <datafield tag="100" ind1="1" ind2=" ">
            <subfield code="a">Pérez Fernádez Borja</subfield>
        </datafield>
        <datafield tag="242" ind1="0" ind2="0">
            <subfield code="a">Multidisciplinary approach for the oral rehabilitation of patients with aesthetic and function compromised.</subfield>
        </datafield>
        <datafield tag="245" ind1="0" ind2="0">
            <subfield code="a">Abordaje multidisciplinar para la rehabilitación oral de pacientes con estética y función comprometidas.</subfield>
        </datafield>
        <datafield tag="260" ind1=" " ind2=" ">
            <subfield code="a">Zaragoza</subfield>
            <subfield code="b">Universidad de Zaragoza</subfield>
            <subfield code="c">2017</subfield>
        </datafield>
        <datafield tag="506" ind1=" " ind2=" ">
            <subfield code="a">by-nc-sa</subfield>
            <subfield code="b">Creative Commons</subfield>
            <subfield code="c">3.0</subfield>
            <subfield code="u">http://creativecommons.org/licenses/by-nc-sa/3.0/</subfield>
        </datafield>
        <datafield tag="520" ind1=" " ind2=" ">
            <subfield code="a">En la actualidad, la rehabilitación oral de los pacientes supone un reto para el profesional de la odontología, pues la sociedad exige, cada vez más, el alcance de resultados estéticos y funcionales excelentes. Por esto es necesario implicar todas las áreas de la odontología, ya que solo mediante el uso de una perspectiva global, apoyada por la bibliografía actual disponible, es posible lograr el éxito del tratamiento odontológico. En el presente trabajo se utilizará un enfoque multidisciplinar para el desarrollo de dos casos clínicos, estudiando debidamente las características y patologías de los pacientes, y se presentará el diagnóstico, pronóstico y los diferentes planes de tratamiento disponibles para cada caso. Nowadays, oral rehabilitation of patients is a challenge for dentistry, because the society demands more and more excellent aesthetic and functional results. It´s necessary to involve all areas of dentistry, since only through the use of a global perspective, supported by the current literature available, it´s possible to reach the success of dental treatment. In the present work a multidisciplinary approach will be used to develop two clinical cases, studying the patients´ characteristics and pathologies, and presenting the diagnosis, prognosis and the different treatment plans available for each case.</subfield>
        </datafield>
        <datafield tag="521" ind1=" " ind2=" ">
            <subfield code="a">Graduado en Odontología</subfield>
        </datafield>
        <datafield tag="540" ind1=" " ind2=" ">
            <subfield code="a">Derechos regulados por licencia Creative Commons</subfield>
        </datafield>
        <datafield tag="700" ind1=" " ind2=" ">
            <subfield code="a">Dehesa Ibarra, Francisco de Borja</subfield>
            <subfield code="e">dir.</subfield>
        </datafield>
        <datafield tag="710" ind1="2" ind2=" ">
            <subfield code="a">Universidad de Zaragoza</subfield>
            <subfield code="b">Cirugía, Ginecología y Obstetricia</subfield>
            <subfield code="c">Estomatología</subfield>
        </datafield>
        <datafield tag="856" ind1="0" ind2=" ">
            <subfield code="f">669463@celes.unizar.es</subfield>
        </datafield>
        <datafield tag="856" ind1="4" ind2=" ">
            <subfield code="s">3045684</subfield>
            <subfield code="u">http://zaguan.unizar.es/record/65067/files/TAZ-TFG-2017-2859.pdf</subfield>
            <subfield code="y">Memoria (spa)</subfield>
        </datafield>
        <datafield tag="909" ind1="C" ind2="O">
            <subfield code="o">oai:zaguan.unizar.es:65067</subfield>
            <subfield code="p">driver</subfield>
            <subfield code="p">trabajos-fin-grado</subfield>
        </datafield>
        <datafield tag="950" ind1=" " ind2=" ">
            <subfield code="a"></subfield>
        </datafield>
        <datafield tag="951" ind1=" " ind2=" ">
            <subfield code="a">deposita:2018-02-07</subfield>
        </datafield>
        <datafield tag="980" ind1=" " ind2=" ">
            <subfield code="a">TAZ</subfield>
            <subfield code="b">TFG</subfield>
            <subfield code="c">FCSHUES</subfield>
        </datafield>
    </record>

    
</collection>